000 00321nam a22001337a 4500
008 170608b xxu||||| |||| 00| 0 eng d
020 _a9781426642630
041 _aeng
080 _22ND
_a94(4)
100 _a18
101 _aSHH
245 _aEXPLORING THE EUROPEAN PAST : TEXTS& IMAGES
_cGREGORY.T.E
942 _2udc
_cBK
999 _c16370
_d16370